000 00285nam a22001337a 4500
003 SGT
082 _a346.03
_bSIN
100 _aSINGH , G P
245 _aRATANLAL & DHIRAJLAL THE LAW OF TORT
250 _a23
260 _aDELHI
_bUNIVERSAL
_c1999
300 _a801
942 _2ddc
_cBK
_03
999 _c25155
_d25155